=LDR 00000nam 2200000 4500 =001 NUTBA000000000003243 =005 20140811114638.0 =006 =007 =008 =020 ##$$a 978-979-15753-5-3 =035 ##$$a 0010-081400000000087 =040 ##$$a NBPDMAT =082 ##$$a 511.8 =090 ##$$a 511.8 $b Din s =100 ##$$a Dini Mayadiana Suwarma =245 ##$$a Suatau alternatif pembelajaran kemampuan berpikir kritis matetatika / $c Dina Mayadiana Suwarna =260 ##$$a Jakarta : $b Cakrawala, $c 2011 =300 ##$$a v, 125 hlm. ; $c 25 cm. =650 ##$$a Matematika-metode berpikir kritis =990 ##$$a 21404222